Every F1 World Champion Since 1950 - Statistics

General Stats
  • This quiz has been taken 35 times
    22 since last reset
  • The average score is 64 of 75
Answer Stats
Year Driver % Correct
1988 Ayrton Senna
95%
1990 Ayrton Senna
95%
1991 Ayrton Senna
95%
1982 Keke Rosberg
95%
2008 Lewis Hamilton
95%
2014 Lewis Hamilton
95%
2015 Lewis Hamilton
95%
2017 Lewis Hamilton
95%
2018 Lewis Hamilton
95%
2019 Lewis Hamilton
95%
2020 Lewis Hamilton
95%
2021 Max Verstappen
95%
2022 Max Verstappen
95%
2023 Max Verstappen
95%
2024 Max Verstappen
95%
1994 Michael Schumacher
95%
1995 Michael Schumacher
95%
2000 Michael Schumacher
95%
2001 Michael Schumacher
95%
2002 Michael Schumacher
95%
2003 Michael Schumacher
95%
2004 Michael Schumacher
95%
2016 Nico Rosberg
95%
1975 Niki Lauda
95%
1977 Niki Lauda
95%
1984 Niki Lauda
95%
2010 Sebastian Vettel
95%
2011 Sebastian Vettel
95%
2012 Sebastian Vettel
95%
2013 Sebastian Vettel
95%
1985 Alain Prost
90%
1986 Alain Prost
90%
1989 Alain Prost
90%
1993 Alain Prost
90%
1996 Damon Hill
90%
2005 Fernando Alonso
90%
2006 Fernando Alonso
90%
1997 Jacques Villeneuve
90%
2009 Jenson Button
90%
1951 Juan Manuel Fangio
90%
1954 Juan Manuel Fangio
90%
1955 Juan Manuel Fangio
90%
1956 Juan Manuel Fangio
90%
1957 Juan Manuel Fangio
90%
2007 Kimi Räikkönen
90%
1962 Graham Hill
85%
1968 Graham Hill
85%
1961 Phil Hill
85%
1972 Emerson Fittipaldi
80%
1974 Emerson Fittipaldi
80%
1998 Mika Hakkinen
80%
1999 Mika Hakkinen
80%
1950 Nino Farina
80%
1952 Alberto Ascari
75%
1953 Alberto Ascari
75%
1959 Jack Brabham
75%
1960 Jack Brabham
75%
1966 Jack Brabham
75%
1969 Jackie Stewart
75%
1971 Jackie Stewart
75%
1973 Jackie Stewart
75%
1981 Nelson Piquet
75%
1983 Nelson Piquet
75%
1987 Nelson Piquet
75%
1992 Nigel Mansell
75%
1980 Alan Jones
70%
1976 James Hunt
70%
1963 Jim Clark
70%
1965 Jim Clark
70%
1970 Jochen Rindt
70%
1979 Jody Scheckter
70%
1978 Mario Andretti
70%
1958 Mike Hawthorn
70%
1967 Denny Hulme
65%
1964 John Surtees
60%
No matching quizzes found
Score Distribution
Percent of People with Each Score
Percentile by Number Answered
Your Score History
You have not taken this quiz since the last reset